| 000 | 00802nam a2200265Ia 4500 | ||
|---|---|---|---|
| 003 | OSt | ||
| 005 | 20221005062334.0 | ||
| 006 | a|||||r|||| 00| 0 | ||
| 007 | ta | ||
| 008 | 221004b |||||||| |||| 00| 0 eng d | ||
| 020 |
_a9781138019713 (pbk) _c495 |
||
| 024 | _a8974 | ||
| 037 |
_b39963, 28/01/2014, Segment Book Distributors _cTextual |
||
| 040 |
_aCRL _cCRL _beng |
||
| 041 |
_2eng _aeng |
||
| 082 | _aV2:91.P1, Q4 | ||
| 100 |
_aBanerjee Mukulika _922839 |
||
| 245 | 0 | _aWhy India votes? | |
| 260 |
_aLondon _bRoutledge UK _c2014 |
||
| 300 |
_axxiv, 486p. _ccm. |
||
| 490 | _aExploring the political in south asia | ||
| 650 | _aHISTORY | ||
| 942 |
_hV2:91.P1, Q4 _cTEXL _2cc |
||
| 999 |
_c969560 _d969560 |
||